Experimentálne overenie možnosti zistenia trhlín vo zvarových spojoch primárnych komponentov jadrových elektrární metódou vírivých prúdov : Diplomová práca

Guardado en:
Detalles Bibliográficos
Autor principal: Figedy, Roman (Autor)
Otros Autores: Krajčovič , Roman (xxx)
Formato: Manuscrito Libro
Lenguaje:eslovaco
Publicado: Trnava : STU v Bratislave MtF KZv, 2002
Materias:
Etiquetas: Agregar Etiqueta
Sin Etiquetas, Sea el primero en etiquetar este registro!

MARC

LEADER 00000ntm a22000003a 4500
001 stu76150
005 20160719155025.5
008 020618s2002----xo------------------slo-d
040 |a STU  |b slo 
041 0 |a slo 
044 |a xo 
100 1 |a Figedy, Roman  |4 aut 
245 1 |a Experimentálne overenie možnosti zistenia trhlín vo zvarových spojoch primárnych komponentov jadrových elektrární metódou vírivých prúdov :  |b Diplomová práca 
260 |a Trnava :  |b STU v Bratislave MtF KZv,  |c 2002 
300 |a 68 s  |c abstr. 
650 7 |a zvarové spoje  |2 stusub 
650 7 |a atómové elektrárne  |2 stusub 
650 7 |a strojárske technológie  |2 stusub 
700 1 |a Krajčovič , Roman  |4 xxx